Eliminación por categoría - Clash Royale #2 - Estadísticas

Estadísticas generales
  • Esta prueba ha sido intentada 80 veces
  • La puntuación promedio es 16 de 20
Estadísticas de respuestas
Group
Hint
Respuesta % Correcto
Verde ... que no sea hechizo ni tropa aérea 91
100%
Verde ... que sea capaz de dañar tropas aéreas 40
100%
Verde Carta de Clash royale 121
100%
Verde ... pero únicamente las daña después de morir 10
90%
Naranja Carta de calidad épica, legendaria o campeón 62
87%
Naranja ... que cueste entre 3 y 5 de elixir (ambos incluidos) 45
85%
Naranja Cartas que mueran con flechas 19
85%
Naranja ... que no cuesten 1 de elixir 14
84%
Naranja ... que sea una tropa con solo una unidad 29
82%
Naranja ... que sea capaz de estar invisible 3
81%
Verde Cartas que reseteen al dragón infernal 18
79%
Verde ... que no sean un hechizo 9
79%
Naranja ... que no tenga daño en área (salpicadura) 10
77%
Naranja ... que vuele 3
77%
Naranja ... y que cueste 5 de elixir 1 Horda de esbirros
74%
Naranja ... y tenga daño en área (salpicadura) 1 Fantasma Real
73%
Verde ... que no cueste 4 de elixir 5
69%
Verde ... ni sea un espíruto 3
58%
Verde ... y que vuele 1 Dragón eléctrico
56%
Verde ... y que sea un duende 1 Demoledor duende
32%
No se encontraron pruebas coincidentes
Distribución de puntuación
Porcentaje de gente con cada puntuación
Porcentaje por número respondido
Historial de tus puntuaciones
No has intentado esta prueba.